Fr. Conceicao Rodrigues College of Engineering

Computer Programming 1 in Unix and C (Record no. 22163)

MARC details
000 -LEADER
fixed length control field 00314nam a2200145Ia 4500
082 ## - DEWEY DECIMAL CLASSIFICATION NUMBER
Classification number 5.133
Item number BHA/PAT
100 ## - MAIN ENTRY--PERSONAL NAME
Personal name Bhave./ Patekar
245 ## - TITLE STATEMENT
Title Computer Programming 1 in Unix and C
260 ## - PUBLICATION, DISTRIBUTION, ETC.
Name of publisher, distributor, etc. Nandu Pub
Date of publication, distribution, etc. 2002
300 ## - PHYSICAL DESCRIPTION
Extent 346
546 ## - LANGUAGE NOTE
Language note ENGLISH
654 ## - SUBJECT ADDED ENTRY--FACETED TOPICAL TERMS
Focus term Programming
942 ## - ADDED ENTRY ELEMENTS (KOHA)
Koha item type BOOK
Holdings
Withdrawn status Lost status Damaged status Not for loan Collection Home library Current library Date acquired Total Checkouts Full call number Barcode Date last seen Price effective from Koha item type
        CRC Fr. Agnel's C.Rodrigues College of Engineering Fr. Agnel's C.Rodrigues College of Engineering 17/03/2023   5.133 BHA/PAT 12394 17/03/2023 17/03/2023 BOOK